| 000 | 00433nam a22001697a 4500 | ||
|---|---|---|---|
| 005 | 20180613145533.0 | ||
| 008 | 160512b xxu||||| |||| 00| 0 eng d | ||
| 020 | _a81-259-1581-8 | ||
| 041 | _aeng | ||
| 082 |
_b1760 _a657 |
||
| 100 |
_aMaheshwari S.N. Maheshwari S.K. _9327 |
||
| 245 | _aAn Introduction to Accountancy | ||
| 260 |
_aNew Delhi _bVikas Publishing _c2003 |
||
| 300 | _a5.143 | ||
| 650 |
_aManagement _9241 |
||
| 942 | _cBK | ||
| 999 |
_c678 _d678 |
||